000 00258nam a22001217a 4500
008 180912b xxu||||| |||| 00| 0 eng d
041 _aeng
080 _a573
100 _a11
101 _aBIO
245 _aBiology Of The Gene
_cLevineL
942 _2udc
_cBK
999 _c47696
_d47696